000 00606nam a2200205 i 4500
001 24508
003 ES-MaACL
005 20230906153049.0
007 t|
008 021217s1962 ag ||||1| spa d
100 1 _aAndric, Ivo.
_921671
245 1 0 _aSucedió en Bosnia /
_cIvo Andric ; traducción de Miguel de Hernani.
260 _aBuenos Aires :
_bSudamericana ;
_aBarcelona :
_bEmegé,
_c[1962]
300 _a526 p. ;
_c19 cm.
490 1 _aHorizonte
700 1 _aHernani, Miguel de.
_963115
830 0 _aHorizonte
_9180916
852 _aES-MaACL
_jC-21791
_bR.50076
999 _c24508
_d24508